| 000 | 00382nam a2200157Ia 4500 | ||
|---|---|---|---|
| 005 | 20240625054736.0 | ||
| 008 | 240331s9999 xx 000 0 und d | ||
| 082 |
_a100 _bGUP |
||
| 100 | _aGupta, S.N | ||
| 245 | 4 | _aThe Indian concept of values | |
| 260 |
_aNew Delhi _bManohar book service _c1978 |
||
| 300 | _a197 p ., | ||
| 650 | _aSpiritual | ||
| 650 | _a ontological | ||
| 942 | _cL | ||
| 999 |
_c681 _d681 |
||